000 00266nam a2200109Ia 4500
008 231212s1981 xx 000 0 und d
041 _aeng
082 _a621.38173
100 _aLeventhal
245 _aIntroduction To Microprocessor
260 _aLondon
_bKhanna
_c1981
999 _c958676
_d958676